Statistics for Pokemon Anime Trivia - Kanto Edition

Click here to take the quiz!

General Stats

  • This quiz has been taken 57 times
  • The average score is 11 of 15

Answer Stats

QuestionAnswer% Correct
What town is Ash Ketchum from?Pallet Town
100%
What is the first pokemon that Ash caught?Caterpie
95%
There is an episode where three brothers are trying to pressure their little brother into evolving his Eevee. They have a Flareon, Jolteon, and Vaporeon. What does their little brother decide to do?Keep his Eevee as is
89%
A trainer named Damien abandons his Charmander, which Ash finds and eventually becomes his Charizard. What is Charmander in danger from when Ash finds him?He is stuck in a rainstorm
84%
According to the Team Rocket motto, they "extend their reach" to what?The Stars Above
84%
How does Ash defeat Brock in the anime to win the boulder badge?Pikachu sets off the sprinkler system
82%
Which of these Pokemon did Ash NOT catch in the Kanto region?Raticate
82%
Many people were confuse when Ash suddenly had 30 Tauros. This was because an episode was banned when Ash and co. were in the safari zone and encountered a Dragonair and its child. Why was this episode banned?The warden used a gun
77%
Togepi ended up being Misty's pokemon in the anime. How did she acquire it?She was the first one it saw when it hatched
73%
There is a boy named Tommy in one episode that is being protected a group of Pokémon in the Safari Zone. What kind of Pokémon are they?Kangaskhan
70%
Ash faces a tricky trainer in Jeanette who uses a Bellsprout to dodge all of his attacks. What pokemon does ash use to counter this strategy?Muk
59%
Ash loses in the top 16 battle of the Indigo League tournament. Who does he lose to?Ritchie
57%
In the Indigo League, Ash sweeps Mandi with just one pokemon. What pokemon does he use?Kingler
55%
Ash gets a Bulbasaur from the hidden village for rescued and injured Pokemon run by a young woman. What is her name?Melanie
52%
Ash doesn't earn all of his badges in Kanto by defeating gym leaders in battle. How many Gym Leaders does Ash defeat in battle to earn the badge?4
32%

Score Distribution

Percentile by Number Answered

Percent of People with Each Score

Your Score History

You have not taken this quiz